Statistics for Harry Potter Horcruxes

Click here to take the quiz!

General Stats

  • This quiz has been taken 39 times
  • The average score is 7 of 7

Answer Stats

Answer% Correct
The Boy Who LivedHarry Potter
100%
Helga Hufflepuff's...Cup
97%
Rowena Ravenclaw's Lost...Diadem
97%
Tom Riddle's...Diary
97%
Voldemort's snakeNagini
97%
Salazar Slytherin's...Locket
95%
Marvolo Gaunt's...Ring
95%

Score Distribution

Percentile by Number Answered

Percent of People with Each Score

Your Score History

You have not taken this quiz